01195nam a2200289 a 4500001001200000003000800012006001900020007001500039008004100054020001800095020002700113040002100140035002100161050002100182100002300203245012000226260005300346300002400399504005100423533015200474650004900626650003100675650002700706655002900733710001700762856012600779ebr10494016CaPaEBRm u cr cn|||||||||110929s2010 cauad sb 001 0 eng d z9781611321012 z9781611321029 (e-book) aCaPaEBRcCaPaEBR a(OCoLC)75904086814aH62b.W33 2010eb1 aWadsworth, Yoland.10aBuilding in research and evaluationh[electronic resource] :bhuman inquiry for living systems /cYoland Wadsworth. aWalnut Creek, Calif. :bLeft Coast Press,c2010. axxx, 329 p. :bill. aIncludes bibliographical references and index. aElectronic reproduction.bPalo Alto, Calif. :cebrary,d2011.nAvailable via World Wide Web.nAccess may be limited to ebrary affiliated libraries. 0aEvaluation research (Social action programs) 0aSocial sciencesxResearch. 0aResearchxMethodology. 7aElectronic books.2local2 aebrary, Inc.40uhttp://site.ebrary.com/lib/rucke/Doc?id=10494016zAn electronic book accessible through the World Wide Web; click to view